Normal view
MARC view
- HYDRAULICS; FLUID MECHANICS AND HYDRAULICS
Entry Topical Term
001 - CONTROL NUMBER
- control field: 59800
003 - CONTROL NUMBER IDENTIFIER
- control field: NUST
005 - DATE AND TIME OF LATEST TRANSACTION
- control field: 20210628202417.0
008 - FIXED-LENGTH DATA ELEMENTS
- fixed length control field: 210628|| aca||aabn | a|a d
040 ## - CATALOGING SOURCE
- Original cataloging agency: NUST
- Transcribing agency: NUST
150 ## - HEADING--TOPICAL TERM
- Topical term or geographic name entry element: HYDRAULICS; FLUID MECHANICS AND HYDRAULICS
670 ## - SOURCE DATA FOUND
- Source citation: Work cat.: (NUST): Malhotra, D.R Malhotra, N.K 59799, The fluid mechanics and hydraulics, 1997
